<?xml version="1.0" encoding="UTF-8"?>
<marc:record xmlns:marc="http://www.loc.gov/MARC21/slim" type="Bibliographic">
   <marc:leader>00000ncm a2200000 cc4500</marc:leader>
   <marc:controlfield tag="001">1140589024</marc:controlfield>
   <marc:controlfield tag="003">DE-101</marc:controlfield>
   <marc:controlfield tag="005">20171130223119.0</marc:controlfield>
   <marc:controlfield tag="007">q|</marc:controlfield>
   <marc:controlfield tag="008">170928s2017    gw |||||r|||||||||||ger  </marc:controlfield>
   <marc:datafield ind1=" " ind2=" " tag="015">
      <marc:subfield code="a">17,M12</marc:subfield>
      <marc:subfield code="2">dnb</marc:subfield>
   </marc:datafield>
   <marc:datafield ind1="7" ind2=" " tag="016">
      <marc:subfield code="2">DE-101</marc:subfield>
      <marc:subfield code="a">1140589024</marc:subfield>
   </marc:datafield>
   <marc:datafield ind1=" " ind2=" " tag="020">
      <marc:subfield code="a">9783990355466</marc:subfield>
      <marc:subfield code="c">Broschur</marc:subfield>
      <marc:subfield code="9">978-3-99035-546-6</marc:subfield>
   </marc:datafield>
   <marc:datafield ind1="2" ind2=" " tag="024">
      <marc:subfield code="a">9790502395506</marc:subfield>
      <marc:subfield code="9">979-0-50239-550-6</marc:subfield>
   </marc:datafield>
   <marc:datafield ind1="3" ind2="2" tag="028">
      <marc:subfield code="a">HI-C7980</marc:subfield>
   </marc:datafield>
   <marc:datafield ind1="3" ind2="2" tag="028">
      <marc:subfield code="a">HI-C7980</marc:subfield>
   </marc:datafield>
   <marc:datafield ind1=" " ind2=" " tag="035">
      <marc:subfield code="a">(DE-599)DNB1140589024</marc:subfield>
   </marc:datafield>
   <marc:datafield ind1=" " ind2=" " tag="035">
      <marc:subfield code="a">(OCoLC)1017027771</marc:subfield>
   </marc:datafield>
   <marc:datafield ind1=" " ind2=" " tag="040">
      <marc:subfield code="a">1380</marc:subfield>
      <marc:subfield code="b">ger</marc:subfield>
      <marc:subfield code="c">DE-101</marc:subfield>
      <marc:subfield code="d">9999</marc:subfield>
      <marc:subfield code="e">rda</marc:subfield>
   </marc:datafield>
   <marc:datafield ind1=" " ind2=" " tag="041">
      <marc:subfield code="a">ger</marc:subfield>
      <marc:subfield code="a">mul</marc:subfield>
   </marc:datafield>
   <marc:datafield ind1=" " ind2=" " tag="044">
      <marc:subfield code="c">XA-DE</marc:subfield>
   </marc:datafield>
   <marc:datafield ind1="7" ind2="4" tag="082">
      <marc:subfield code="a">782.5</marc:subfield>
      <marc:subfield code="q">DE-101</marc:subfield>
      <marc:subfield code="2">23sdnb</marc:subfield>
   </marc:datafield>
   <marc:datafield ind1=" " ind2=" " tag="090">
      <marc:subfield code="a">b</marc:subfield>
   </marc:datafield>
   <marc:datafield ind1="0" ind2="0" tag="245">
      <marc:subfield code="a">Romantik a cappella</marc:subfield>
      <marc:subfield code="n">1.</marc:subfield>
      <marc:subfield code="p">Weltliche Gesänge : für gemischte Stimmen = Secular part songs : for mixed voices</marc:subfield>
      <marc:subfield code="c">Aschauer ; Schumacher</marc:subfield>
   </marc:datafield>
   <marc:datafield ind1=" " ind2="4" tag="264">
      <marc:subfield code="c">© 2017</marc:subfield>
   </marc:datafield>
   <marc:datafield ind1=" " ind2="1" tag="264">
      <marc:subfield code="a">Innsbruck</marc:subfield>
      <marc:subfield code="a">Esslingen</marc:subfield>
      <marc:subfield code="a">Bern-Belp</marc:subfield>
      <marc:subfield code="b">Helbling</marc:subfield>
      <marc:subfield code="c">[2017]</marc:subfield>
   </marc:datafield>
   <marc:datafield ind1=" " ind2=" " tag="300">
      <marc:subfield code="a">1 Partitur (460 Seiten)</marc:subfield>
   </marc:datafield>
   <marc:datafield ind1=" " ind2=" " tag="336">
      <marc:subfield code="a">Noten</marc:subfield>
      <marc:subfield code="b">ntm</marc:subfield>
      <marc:subfield code="2">rdacontent</marc:subfield>
   </marc:datafield>
   <marc:datafield ind1=" " ind2=" " tag="337">
      <marc:subfield code="a">ohne Hilfsmittel zu benutzen</marc:subfield>
      <marc:subfield code="b">n</marc:subfield>
      <marc:subfield code="2">rdamedia</marc:subfield>
   </marc:datafield>
   <marc:datafield ind1=" " ind2=" " tag="338">
      <marc:subfield code="a">Band</marc:subfield>
      <marc:subfield code="b">nc</marc:subfield>
      <marc:subfield code="2">rdacarrier</marc:subfield>
   </marc:datafield>
   <marc:datafield ind1=" " ind2=" " tag="348">
      <marc:subfield code="0">(DE-588)4173447-6</marc:subfield>
      <marc:subfield code="0">http://d-nb.info/gnd/4173447-6</marc:subfield>
      <marc:subfield code="0">(DE-101)041734475</marc:subfield>
      <marc:subfield code="a">Partitur</marc:subfield>
      <marc:subfield code="2">gnd-music</marc:subfield>
   </marc:datafield>
   <marc:datafield ind1="0" ind2="8" tag="773">
      <marc:subfield code="q">001</marc:subfield>
      <marc:subfield code="w">(DE-101)1143730143</marc:subfield>
   </marc:datafield>
   <marc:datafield ind1=" " ind2=" " tag="850">
      <marc:subfield code="a">DE-101b</marc:subfield>
      <marc:subfield code="a">DE-101c</marc:subfield>
   </marc:datafield>
   <marc:datafield ind1="4" ind2="2" tag="856">
      <marc:subfield code="m">B:DE-101</marc:subfield>
      <marc:subfield code="q">application/pdf</marc:subfield>
      <marc:subfield code="u">http://d-nb.info/1140589024/04</marc:subfield>
      <marc:subfield code="3">Inhaltsverzeichnis</marc:subfield>
   </marc:datafield>
   <marc:datafield ind1="r" ind2=" " tag="925">
      <marc:subfield code="a">rm</marc:subfield>
   </marc:datafield>
</marc:record>
